[Event "Cappelle-la-Grande"]
[Site "Cappelle-la-Grande (FRA)"]
[Date "2013.02.23"]
[Round "1.75"]
[White "Whiteley, Andrew J"]
[Black "Raznikov, Danny"]
[Result "0-1"]
[WhiteElo "2251"]
[BlackElo "2463"]
[PlyCount "90"]
[EventDate "2013.??.??"]

1. d4 Nf6 2. c4 c5 3. d5 b5 4. cxb5 a6 5. bxa6 g6 6. Nc3 Bxa6 7. g3 Bg7 8. Nf3
d6 9. Bg2 Nbd7 10. O-O Nb6 11. Re1 O-O 12. e4 Nfd7 13. Bf1 Bxf1 14. Kxf1 Qc8
15. Qc2 Nc4 16. Kg2 Qb7 17. Nd2 Ncb6 18. b3 f5 19. f3 fxe4 20. fxe4 Ne5 21. Nf1
Ng4 22. Bf4 g5 23. Be3 Qa6 24. Bg1 Qa5 25. Rac1 Bxc3 26. Qxc3 Qxc3 27. Rxc3
Rxa2+ 28. Kh1 Nd7 29. Ne3 Nxe3 30. Rcxe3 Ne5 31. R3e2 Rxe2 32. Rxe2 Rb8 33. Re3
Ra8 34. Re2 Rb8 35. Re3 Ng4 36. Rc3 Rb4 37. h3 Ne5 38. Re3 h5 39. Bf2 g4 40.
Be1 Rb8 41. Kg2 Nf3 42. hxg4 hxg4 43. Kf2 Kf7 44. Rd3 Nxe1 45. Kxe1 Kf6 0-1

[Event "Cappelle-la-Grande"]
[Site "Cappelle-la-Grande (FRA)"]
[Date "2013.02.23"]
[Round "1.77"]
[White "Borsuk, Angela"]
[Black "Drasko, Milan"]
[Result "0-1"]
[WhiteElo "2250"]
[BlackElo "2459"]
[PlyCount "78"]
[EventDate "2013.??.??"]

1. d4 e6 2. c4 Nf6 3. Nf3 Bb4+ 4. Bd2 a5 5. e3 d6 6. Bd3 Qe7 7. e4 e5 8. d5 Na6
9. Nc3 Nc5 10. Qe2 c6 11. Bc2 O-O 12. a3 Bxc3 13. Bxc3 Bg4 14. h3 Bh5 15. O-O-O
cxd5 16. exd5 Qd7 17. Qe3 Na4 18. Bd2 Rfc8 19. b3 Nc5 20. a4 Bg6 21. Bxg6 hxg6
22. Kb2 b5 23. cxb5 Nxd5 24. Qe2 Qf5 25. Be3 Nxe3 26. fxe3 Qe4 27. Qc4 Qxc4 28.
bxc4 Nxa4+ 29. Ka3 Nb6 30. Nd2 Ra7 31. Kb3 Rac7 32. e4 Nxc4 33. Nb1 Rc5 34. Rd5
Rxd5 35. exd5 Nb6 36. Nc3 Rc5 37. Ra1 Nxd5 38. Ne4 Rxb5+ 39. Kc4 Rb4+ 0-1

[Event "Cappelle-la-Grande"]
[Site "Cappelle-la-Grande (FRA)"]
[Date "2013.02.23"]
[Round "1.78"]
[White "Sepp, Olav"]
[Black "Forthofer, Robert"]
[Result "1-0"]
[WhiteElo "2453"]
[BlackElo "2249"]
[PlyCount "45"]
[EventDate "2013.??.??"]

1. Nf3 e6 2. g3 b6 3. Bg2 Bb7 4. O-O f5 5. d3 Nf6 6. Nbd2 Bd6 7. e4 fxe4 8.
dxe4 e5 9. Nc4 Qe7 10. Nh4 g6 11. Nxd6+ cxd6 12. Re1 O-O 13. Qd3 Na6 14. b4
Rac8 15. a3 Rc7 16. Bg5 Rfc8 17. Rad1 d5 18. exd5 Rc3 19. Nxg6 Qf7 20. Qf5 hxg6
21. Qxf6 Rxa3 22. Qxf7+ Kxf7 23. Rxe5 1-0

[Event "Cappelle-la-Grande"]
[Site "Cappelle-la-Grande (FRA)"]
[Date "2013.02.23"]
[Round "1.79"]
[White "Fantin, Ludwig"]
[Black "Nikcevic, Nebojsa"]
[Result "1/2-1/2"]
[WhiteElo "2249"]
[BlackElo "2452"]
[PlyCount "82"]
[EventDate "2013.??.??"]

1. d4 d5 2. c4 dxc4 3. e3 Nf6 4. Bxc4 e6 5. Nf3 c5 6. O-O a6 7. Bb3 Nc6 8. dxc5
Qxd1 9. Rxd1 Bxc5 10. Nc3 Ke7 11. Bd2 Rd8 12. Be1 Rxd1 13. Rxd1 Bd7 14. a3 b5
15. Ng5 Bb6 16. Nce4 Nxe4 17. Nxe4 a5 18. Nd6 Nd4 19. Ba2 Kxd6 20. Bc3 Ke7 21.
exd4 Bc6 22. d5 Rd8 23. Bxg7 Bxd5 24. Bxd5 Rxd5 25. Rxd5 exd5 26. Kf1 f6 27.
Bh6 Bd4 28. b3 a4 29. bxa4 bxa4 30. Be3 Bb2 31. Bc5+ Ke6 32. Ke2 d4 33. Kd3 Kd5
34. Be7 f5 35. Bb4 Bc1 36. Bf8 Bf4 37. h3 Bc7 38. g4 fxg4 39. hxg4 Bf4 40. Bb4
Bc1 41. Bf8 Bf4 1/2-1/2

[Event "Cappelle-la-Grande"]
[Site "Cappelle-la-Grande (FRA)"]
[Date "2013.02.23"]
[Round "1.80"]
[White "Abergel, Thal"]
[Black "Donovan, Linton"]
[Result "1-0"]
[WhiteElo "2445"]
[BlackElo "2246"]
[PlyCount "73"]
[EventDate "2013.??.??"]

1. d4 d5 2. Nf3 Nf6 3. e3 c5 4. dxc5 e6 5. c4 Bxc5 6. Nc3 Nc6 7. a3 O-O 8. b4
Be7 9. Bb2 dxc4 10. Bxc4 b6 11. Qe2 Bb7 12. O-O Rc8 13. Nb5 Nd5 14. Rfd1 Bf6
15. Bxd5 exd5 16. Bxf6 Qxf6 17. Nbd4 Ne7 18. Rac1 Rfd8 19. Qd3 h6 20. Rc2 Rxc2
21. Qxc2 Rc8 22. Qa4 Nc6 23. h3 g6 24. Rc1 Nxd4 25. Rxc8+ Bxc8 26. Nxd4 Qe7 27.
Qc6 Bb7 28. Qc3 Qd7 29. h4 Qc8 30. Qb2 h5 31. a4 Qg4 32. Qc1 Qc8 33. Qa3 a6 34.
a5 b5 35. Qb2 Qc4 36. Qd2 Kf8 37. Nf3 1-0

[Event "Cappelle-la-Grande"]
[Site "Cappelle-la-Grande (FRA)"]
[Date "2013.02.23"]
[Round "1.81"]
[White "Gryson, Wouter"]
[Black "Sharif, Mehrshad"]
[Result "1/2-1/2"]
[WhiteElo "2243"]
[BlackElo "2444"]
[PlyCount "44"]
[EventDate "2013.??.??"]

1. c4 b6 2. e4 Bb7 3. Nc3 e6 4. g3 f5 5. d3 Nf6 6. Bg2 fxe4 7. dxe4 Bc5 8. Nge2
O-O 9. Nf4 e5 10. Nd3 Bd4 11. Nd5 c6 12. Nxf6+ Qxf6 13. O-O Ba6 14. Be3 Bxc4
15. Bxd4 exd4 16. Rc1 Qe6 17. Nf4 Rxf4 18. gxf4 Bxf1 19. Kxf1 c5 20. b4 Na6 21.
a3 Rf8 22. Qd3 Nb8 1/2-1/2

[Event "Cappelle-la-Grande"]
[Site "Cappelle-la-Grande (FRA)"]
[Date "2013.02.23"]
[Round "1.82"]
[White "Monroy, Charles"]
[Black "Cappon, John"]
[Result "1/2-1/2"]
[WhiteElo "2443"]
[BlackElo "2239"]
[PlyCount "52"]
[EventDate "2013.??.??"]

1. Nf3 Nf6 2. c4 e6 3. g3 b6 4. Bg2 Bb7 5. O-O c5 6. Nc3 Be7 7. Re1 Qc8 8. e4
d6 9. d4 cxd4 10. Nxd4 a6 11. Be3 O-O 12. Rc1 Nbd7 13. f4 Rd8 14. Qe2 Bf8 15.
Bf2 g6 16. b4 e5 17. Nb3 exf4 18. gxf4 Re8 19. Qd3 Nh5 20. Be3 Bh6 21. Rf1 Ndf6
22. f5 Bxe3+ 23. Qxe3 Qd8 24. Bf3 Qe7 25. Rce1 Rac8 26. Qd4 Nd7 1/2-1/2

[Event "Cappelle-la-Grande"]
[Site "Cappelle-la-Grande (FRA)"]
[Date "2013.02.23"]
[Round "1.83"]
[White "Peric, Slavisa"]
[Black "Pedersen, Nicolai Vesterbaek"]
[Result "1/2-1/2"]
[WhiteElo "2238"]
[BlackElo "2443"]
[PlyCount "71"]
[EventDate "2013.??.??"]

1. d4 Nf6 2. Nf3 e6 3. c4 b6 4. g3 Bb7 5. Bg2 Be7 6. O-O O-O 7. d5 exd5 8. Nh4
c6 9. cxd5 cxd5 10. Nc3 Na6 11. Nf5 Nc7 12. Ne3 Re8 13. Nexd5 Nfxd5 14. Nxd5
Bxd5 15. Bxd5 Nxd5 16. Qxd5 Bf6 17. Re1 Rc8 18. Rb1 Rc2 19. e4 Qc8 20. b4 Qc6
21. Bg5 Bxg5 22. Qxg5 Rxa2 23. Rbc1 Rc2 24. Rxc2 Qxc2 25. f3 Rc8 26. Qe7 Qd2
27. Rf1 h6 28. Rf2 Qd4 29. Kg2 a5 30. bxa5 bxa5 31. Qa3 Rc5 32. Qb2 Qb4 33. Rd2
Rc7 34. Qa2 Qc5 35. Rd5 Qe3 36. Rxa5 1/2-1/2

[Event "Cappelle-la-Grande"]
[Site "Cappelle-la-Grande (FRA)"]
[Date "2013.02.23"]
[Round "1.84"]
[White "Bailet, Pierre"]
[Black "Fayard, Alain"]
[Result "1-0"]
[WhiteElo "2440"]
[BlackElo "2238"]
[PlyCount "99"]
[EventDate "2013.??.??"]

1. e4 e5 2. Nf3 Nc6 3. Bb5 a6 4. Ba4 Nge7 5. c3 g6 6. d4 exd4 7. cxd4 b5 8. Bb3
Bg7 9. d5 Na5 10. Bc2 O-O 11. O-O d6 12. Nc3 c6 13. dxc6 Naxc6 14. Bg5 h6 15.
Bh4 Bg4 16. h3 Bxf3 17. Qxf3 Nd4 18. Qd3 g5 19. Bg3 Ng6 20. Ne2 Nxe2+ 21. Qxe2
Be5 22. Qh5 Kg7 23. Bb3 Qf6 24. Rad1 Rad8 25. Qg4 Nf4 26. h4 Bxb2 27. Bxf4 Qxf4
28. Qe2 Qf6 29. Rd3 Bd4 30. Rfd1 Be5 31. Rf3 Qe7 32. hxg5 hxg5 33. Rf5 Bf6 34.
Rd3 Rh8 35. g3 Rh6 36. Qg4 Rdh8 37. Kf1 Qc7 38. Ke2 a5 39. Rxb5 a4 40. Bd5 Qc1
41. Rb7 Rf8 42. Qe6 Qb2+ 43. Rxb2 fxe6 44. Rb7+ Rf7 45. Rxf7+ Kxf7 46. Bc6 Be5
47. Bxa4 Rh8 48. Bb3 Rc8 49. f4 gxf4 50. gxf4 1-0

[Event "Cappelle-la-Grande"]
[Site "Cappelle-la-Grande (FRA)"]
[Date "2013.02.23"]
[Round "1.85"]
[White "Gasik, Anna"]
[Black "Bruno, Fabio"]
[Result "1/2-1/2"]
[WhiteElo "2232"]
[BlackElo "2440"]
[PlyCount "131"]
[EventDate "2013.??.??"]

1. e4 e6 2. d4 d5 3. Nd2 Nf6 4. e5 Nfd7 5. Bd3 c5 6. c3 b6 7. Ne2 Ba6 8. Bxa6
Nxa6 9. a3 c4 10. Nf4 Nc7 11. O-O b5 12. Qg4 g6 13. h4 h6 14. h5 g5 15. Nh3 Qe7
16. b3 f5 17. exf6 Nxf6 18. Qd1 Qf7 19. bxc4 bxc4 20. Nf3 Bd6 21. Ne5 Bxe5 22.
dxe5 Nxh5 23. Rb1 g4 24. Qxg4 Rg8 25. Qh4 Qg6 26. g3 Qxb1 27. Qxh5+ Qg6 28.
Qxg6+ Rxg6 29. Be3 Kd7 30. a4 Rgg8 31. Kg2 Rgb8 32. Nf4 Rb3 33. Ne2 Ra3 34. Rh1
Rxa4 35. Rxh6 Re8 36. g4 Nb5 37. g5 Ra2 38. Nf4 Nxc3 39. Nh5 Ne4 40. Nf6+ Nxf6
41. exf6 d4 42. Bxd4 e5 43. Bc5 Ke6 44. Rh7 Rg8 45. Re7+ Kd5 46. Be3 Ra6 47.
Kf3 Rc6 48. Rxa7 c3 49. Ra1 c2 50. Rc1 Ke6 51. Ke2 Rgc8 52. Kd2 Kf7 53. Ke2 Kg6
54. Kd2 R8c7 55. Ke2 Kf5 56. Kd2 Rc8 57. Ke2 e4 58. Kd2 Rd6+ 59. Ke2 Rd5 60.
Ke1 Rd7 61. Ke2 Rdd8 62. Ke1 Rd3 63. Ke2 Rc7 64. Ke1 Rxe3+ 65. fxe3 Kxg5 66. f7
1/2-1/2

[Event "Cappelle-la-Grande"]
[Site "Cappelle-la-Grande (FRA)"]
[Date "2013.02.23"]
[Round "1.86"]
[White "Dumitrache, Dragos-Nicolae"]
[Black "Shvayger, Yuliya"]
[Result "1-0"]
[WhiteElo "2440"]
[BlackElo "2232"]
[PlyCount "63"]
[EventDate "2013.??.??"]

1. Nf3 Nf6 2. c4 g6 3. Nc3 d5 4. cxd5 Nxd5 5. e4 Nb6 6. d4 Bg7 7. h3 O-O 8. Be3
f5 9. Qd2 Nc6 10. e5 Nb4 11. a3 N4d5 12. Bh6 f4 13. Bxg7 Kxg7 14. Ne4 e6 15. h4
h6 16. Bd3 Ne7 17. O-O-O Nbd5 18. Rdg1 Bd7 19. g4 fxg3 20. Rxg3 Nf5 21. Rg2
Nfe7 22. Rg3 Nf5 23. Rg4 Nfe7 24. Rh3 h5 25. Rg1 Nf4 26. Rhg3 Nxd3+ 27. Qxd3
Rf5 28. Nf6 Be8 29. Ng5 Rxf6 30. exf6+ Kxf6 31. Re3 Bd7 32. Qe4 1-0

[Event "Cappelle-la-Grande"]
[Site "Cappelle-la-Grande (FRA)"]
[Date "2013.02.23"]
[Round "1.87"]
[White "Kambrath, Yannick"]
[Black "Mcdonald, Neil"]
[Result "1-0"]
[WhiteElo "2232"]
[BlackElo "2433"]
[PlyCount "65"]
[EventDate "2013.??.??"]

1. d4 Nf6 2. c4 c5 3. d5 b5 4. cxb5 a6 5. e3 axb5 6. Bxb5 Qa5+ 7. Nc3 Bb7 8.
Bd2 Qb6 9. Nf3 Nxd5 10. Nxd5 Bxd5 11. a4 e6 12. Bc3 Be7 13. O-O O-O 14. Ne5 f6
15. Nd3 Bc6 16. Qb3 d5 17. Nf4 Ra6 18. e4 c4 19. Qc2 Bxb5 20. axb5 Rxa1 21.
Rxa1 g5 22. Ne2 Qxb5 23. Nd4 Qd7 24. exd5 Qxd5 25. Qe2 Nc6 26. Nxe6 Rb8 27. Rd1
Qb5 28. h4 gxh4 29. Nc7 Qa4 30. Qe6+ Kf8 31. Rd7 Qa1+ 32. Kh2 Qc1 33. Bd2 1-0

[Event "Cappelle-la-Grande"]
[Site "Cappelle-la-Grande (FRA)"]
[Date "2013.02.23"]
[Round "1.88"]
[White "Mateo, Ramon"]
[Black "Lokander, Martin"]
[Result "1-0"]
[WhiteElo "2427"]
[BlackElo "2231"]
[PlyCount "125"]
[EventDate "2013.??.??"]

1. Nf3 Nf6 2. d4 g6 3. g3 Bg7 4. Bg2 O-O 5. O-O d6 6. Re1 Ne4 7. c3 Nd7 8. a4
e5 9. a5 Rb8 10. Qb3 exd4 11. cxd4 Ndf6 12. Ng5 Nxg5 13. Bxg5 h6 14. Bd2 d5 15.
a6 b6 16. Nc3 Ne4 17. Nxe4 dxe4 18. d5 Bf5 19. Rac1 Qd7 20. Bf4 Rbc8 21. Red1
g5 22. Be3 Rfe8 23. Rc6 Kh7 24. Bd4 Bf8 25. Qc4 Bd6 26. Bc3 Qe7 27. Qd4 Rg8 28.
Rc4 Bc5 29. Qf6 Qxf6 30. Bxf6 Rce8 31. g4 Kg6 32. gxf5+ Kxf6 33. Bxe4 Re5 34.
e3 Bd6 35. Bb1 h5 36. h3 h4 37. Kg2 Ree8 38. Kf3 Rg7 39. Rdc1 Rgg8 40. Rxc7
Bxc7 41. Rxc7 g4+ 42. hxg4 h3 43. Kf4 h2 44. Rc6+ Kg7 45. Rc1 Rh8 46. Rh1 f6
47. Be4 Rd8 48. Rd1 Rd6 49. Kg3 b5 50. Ra1 Re8 51. Bg2 Rc8 52. Kxh2 Rc2 53. Kg3
Rxb2 54. Rc1 Rd7 55. g5 fxg5 56. e4 Kf6 57. Rc6+ Ke5 58. Re6+ Kd4 59. f6 Rf7
60. d6 Re2 61. Bf3 Re1 62. Bh5 Rf8 63. d7 1-0

[Event "Cappelle-la-Grande"]
[Site "Cappelle-la-Grande (FRA)"]
[Date "2013.02.23"]
[Round "1.89"]
[White "Andrenko, Irina"]
[Black "Aghasaryan, Robert"]
[Result "1/2-1/2"]
[WhiteElo "2228"]
[BlackElo "2425"]
[PlyCount "43"]
[EventDate "2013.??.??"]

1. e4 e5 2. Nf3 Nc6 3. Bc4 Bc5 4. d3 Nf6 5. c3 O-O 6. O-O d5 7. exd5 Nxd5 8.
Re1 Bg4 9. Nbd2 Nb6 10. Bb5 Bd6 11. Ne4 a6 12. Bxc6 bxc6 13. h3 Bxf3 14. Qxf3
f5 15. Nxd6 Qxd6 16. c4 Nd7 17. b3 Rae8 18. Bb2 Qg6 19. Rad1 Rf7 20. Re2 Rfe7
21. Rde1 Re6 22. Bc3 1/2-1/2

[Event "Cappelle-la-Grande"]
[Site "Cappelle-la-Grande (FRA)"]
[Date "2013.02.23"]
[Round "1.100"]
[White "Dugailliez, Guy"]
[Black "Bacon, Nicolas"]
[Result "0-1"]
[WhiteElo "1966"]
[BlackElo "2201"]
[PlyCount "88"]
[EventDate "2013.??.??"]

1. e4 c5 2. Nc3 Nc6 3. f4 a6 4. a4 e6 5. Bc4 Nge7 6. d3 d5 7. Ba2 b5 8. Bd2 b4
9. Nce2 g6 10. Nf3 Bg7 11. c3 O-O 12. O-O Rb8 13. e5 a5 14. Be3 Qb6 15. g4 Ba6
16. Rf2 Rfd8 17. d4 bxc3 18. bxc3 cxd4 19. Nexd4 Qc7 20. Qd2 Qd7 21. Bb1 Nxd4
22. Bxd4 Rb7 23. f5 exf5 24. gxf5 Nxf5 25. Bxf5 Qxf5 26. Kh1 Rdb8 27. Qg5 Qxg5
28. Nxg5 h6 29. Nh3 g5 30. Raa2 Rb1+ 31. Kg2 Bc4 32. Rad2 R8b3 33. Rf5 R3b2 34.
Rdf2 Rxf2+ 35. Nxf2 Ra1 36. Ng4 Bd3 37. Nf6+ Bxf6 38. Rxf6 h5 39. e6 fxe6 40.
Rxe6 Rxa4 41. Rh6 Ra2+ 42. Kg3 Be4 43. Ra6 Rg2+ 44. Kh3 Rg4 0-1

[Event "Cappelle-la-Grande"]
[Site "Cappelle-la-Grande (FRA)"]
[Date "2013.02.23"]
[Round "1.103"]
[White "Viennot, Dylan"]
[Black "Bier, Armin"]
[Result "1-0"]
[WhiteElo "2192"]
[BlackElo "1965"]
[PlyCount "37"]
[EventDate "2013.??.??"]

1. e4 c5 2. Nf3 Nc6 3. Bb5 d6 4. d4 cxd4 5. Qxd4 Bd7 6. Bxc6 Bxc6 7. Nc3 Nf6 8.
Bg5 e5 9. Qd3 Qa5 10. Bxf6 gxf6 11. Nd2 O-O-O 12. Nc4 Qc5 13. Ne3 Rg8 14. Rd1
Bh6 15. Ned5 Kb8 16. b4 Qd4 17. Qe2 a6 18. Rxd4 exd4 19. Qh5 1-0

[Event "Cappelle-la-Grande"]
[Site "Cappelle-la-Grande (FRA)"]
[Date "2013.02.23"]
[Round "1.105"]
[White "Callet, Emmanuel"]
[Black "Peyre, Camille"]
[Result "1-0"]
[WhiteElo "2186"]
[BlackElo "1965"]
[PlyCount "71"]
[EventDate "2013.??.??"]

1. Nf3 f5 2. e4 fxe4 3. Ng5 Nf6 4. d3 e6 5. dxe4 h6 6. e5 hxg5 7. Bd3 Bb4+ 8.
c3 Be7 9. Bxg5 Ne4 10. Bxe7 Qxe7 11. Bxe4 Qg5 12. O-O Qxe5 13. Bg6+ Ke7 14. f4
Qe3+ 15. Kh1 Qg3 16. Bh5 Qh4 17. g4 g6 18. Qd4 Rh7 19. Qe4 Rh6 20. Qe5 Rh7 21.
Qe4 Rh6 22. Nd2 gxh5 23. g5 Rh8 24. Nf3 Qh3 25. Ne5 Nc6 26. Ng6+ Kd8 27. Nxh8
b6 28. Rf3 Qg4 29. Rg3 Qf5 30. Qxf5 exf5 31. Re1 d6 32. g6 Bb7 33. Kg1 Kd7 34.
g7 Rg8 35. Nf7 Ne7 36. Nh6 1-0

[Event "Cappelle-la-Grande"]
[Site "Cappelle-la-Grande (FRA)"]
[Date "2013.02.23"]
[Round "1.106"]
[White "Labadie, Jean-Jacques"]
[Black "Rodriguez Rueda, Paula Andrea"]
[Result "1-0"]
[WhiteElo "1963"]
[BlackElo "2183"]
[PlyCount "71"]
[EventDate "2013.??.??"]

1. d4 Nf6 2. c4 e6 3. Nc3 d5 4. cxd5 exd5 5. Bg5 c6 6. e3 h6 7. Bh4 Be7 8. Bd3
O-O 9. Nge2 Nbd7 10. f3 Re8 11. Bf2 c5 12. O-O b6 13. Re1 Bb7 14. Rc1 a6 15.
Ng3 Bf8 16. a3 b5 17. dxc5 Bxc5 18. b4 Bb6 19. Nf5 Ne5 20. Bf1 Qd7 21. Nd4 Rac8
22. Qb3 Nc4 23. Rcd1 Qc7 24. a4 Nxe3 25. Ncxb5 axb5 26. Rxe3 Rxe3 27. Bxe3 Qc3
28. Qxc3 Rxc3 29. a5 Rxe3 30. axb6 Nd7 31. Bxb5 Nxb6 32. Rc1 Nc8 33. Nf5 Re5
34. Rc7 Rxf5 35. Rxb7 Nd6 36. Rb8+ 1-0

[Event "Cappelle-la-Grande"]
[Site "Cappelle-la-Grande (FRA)"]
[Date "2013.02.23"]
[Round "1.107"]
[White "Daurelle, Herve"]
[Black "Boutchenik, Cyril"]
[Result "1-0"]
[WhiteElo "2183"]
[BlackElo "1960"]
[PlyCount "54"]
[EventDate "2013.??.??"]

1. e4 c5 2. Nf3 Nc6 3. d4 cxd4 4. Nxd4 e5 5. Nb5 d6 6. N1c3 a6 7. Na3 b5 8. Nd5
Nge7 9. c4 Nd4 10. Be3 Nxd5 11. cxd5 Be7 12. Bd3 O-O 13. O-O f5 14. Bxd4 fxe4
15. Bxe4 exd4 16. Qd3 g6 17. Nc2 Bf6 18. Nxd4 Qb6 19. Ne6 Rf7 20. Rae1 Bd7 21.
Bxg6 hxg6 22. Qxg6+ Bg7 23. Ng5 Rf6 24. Qh7+ Kf8 25. Re7 Kxe7 26. Qxg7+ Kd8 27.
Qxf6+ Kc7 1-0

[Event "Cappelle-la-Grande"]
[Site "Cappelle-la-Grande (FRA)"]
[Date "2013.02.23"]
[Round "1.111"]
[White "Marchyllie, Bruno"]
[Black "Norek, Arnaud"]
[Result "1-0"]
[WhiteElo "2162"]
[BlackElo "1958"]
[PlyCount "39"]
[EventDate "2013.??.??"]

1. e4 c5 2. d4 cxd4 3. c3 dxc3 4. Nxc3 Nc6 5. Nf3 d6 6. Bc4 Nf6 7. e5 dxe5 8.
Qxd8+ Nxd8 9. Nb5 Rb8 10. Nxe5 e6 11. Nc7+ Ke7 12. Bf4 Nh5 13. Be3 Nc6 14. f4
f5 15. O-O-O Nxe5 16. fxe5 Bd7 17. Bg5+ Kf7 18. Rxd7+ Kg6 19. Bd2 Rc8 20. g4
1-0

[Event "Cappelle-la-Grande"]
[Site "Cappelle-la-Grande (FRA)"]
[Date "2013.02.23"]
[Round "1.115"]
[White "Przymusinski, Nicolas"]
[Black "Sobecki, Damien"]
[Result "1-0"]
[WhiteElo "2150"]
[BlackElo "1951"]
[PlyCount "87"]
[EventDate "2013.??.??"]

1. c4 Nf6 2. g3 e6 3. Bg2 c5 4. Nf3 Nc6 5. Nc3 a6 6. O-O Qc7 7. a3 Be7 8. Rb1
O-O 9. e4 e5 10. d3 d6 11. h3 h6 12. b4 cxb4 13. axb4 Re8 14. Be3 Nd7 15. Nd5
Qb8 16. d4 b5 17. cxb5 axb5 18. Rc1 Bb7 19. Qd3 Nf6 20. Qxb5 Nxd5 21. exd5 Nxd4
22. Bxd4 exd4 23. Nxd4 Ba6 24. Qxb8 Raxb8 25. Rfe1 Rxb4 26. Nf5 Kf8 27. Rc6 Bd3
28. Nxe7 Rb7 29. Re3 Bb5 30. Nf5 Rxe3 31. fxe3 Bxc6 32. dxc6 Rb1+ 33. Kh2 Rd1
34. Nd4 Ke7 35. h4 g6 36. h5 Rd2 37. Kg1 Rd1+ 38. Kf2 Kd8 39. hxg6 fxg6 40. Nb5
Rd2+ 41. Kf3 Rc2 42. c7+ Rxc7 43. Nxc7 Kxc7 44. Ke4 1-0

[Event "Cappelle-la-Grande"]
[Site "Cappelle-la-Grande (FRA)"]
[Date "2013.02.23"]
[Round "1.117"]
[White "Roger, Mehdi"]
[Black "Deknuydt, Claudy"]
[Result "1-0"]
[WhiteElo "2144"]
[BlackElo "1948"]
[PlyCount "53"]
[EventDate "2013.??.??"]

1. e4 e6 2. d4 d5 3. Nc3 Bb4 4. e5 c5 5. Bd2 a6 6. a3 Bxc3 7. Bxc3 cxd4 8. Qxd4
Ne7 9. Nf3 Nbc6 10. Qg4 Nf5 11. Bd3 O-O 12. O-O d4 13. Bd2 f6 14. Rae1 Kh8 15.
Qh3 Nxe5 16. Nxe5 fxe5 17. Rxe5 Qf6 18. Rfe1 g6 19. Bxf5 gxf5 20. c3 d3 21.
Qxd3 Rd8 22. Qe2 f4 23. f3 Bd7 24. c4 Rf8 25. Bc3 Kg8 26. Rd5 e5 27. Rxd7 1-0

[Event "Cappelle-la-Grande"]
[Site "Cappelle-la-Grande (FRA)"]
[Date "2013.02.23"]
[Round "1.126"]
[White "Passchyn, Maarten"]
[Black "Carlier, Guillaume"]
[Result "0-1"]
[WhiteElo "1931"]
[BlackElo "2117"]
[PlyCount "58"]
[EventDate "2013.??.??"]

1. e4 c5 2. Nc3 e6 3. f4 d6 4. Nf3 a6 5. a4 Nc6 6. Bc4 Nf6 7. O-O Be7 8. Kh1
O-O 9. d3 Qc7 10. Qe1 Nb4 11. Bb3 d5 12. Qe2 d4 13. Nd1 Rd8 14. Nf2 Nd7 15. Ng5
h6 16. Nxf7 Kxf7 17. Qh5+ Kg8 18. Bxe6+ Kh8 19. Bb3 Nf6 20. Qe2 Nh7 21. Bd2 Nc6
22. f5 Bg5 23. Bxg5 Nxg5 24. h4 Nh7 25. Nh3 Qg3 26. Rf4 Ne5 27. Raf1 Nf6 28.
Qf2 Nh5 29. Kg1 Nxf4 0-1

[Event "Cappelle-la-Grande"]
[Site "Cappelle-la-Grande (FRA)"]
[Date "2013.02.23"]
[Round "1.131"]
[White "Veys, Vincent"]
[Black "Vaillant, Stephane"]
[Result "1-0"]
[WhiteElo "2109"]
[BlackElo "1923"]
[PlyCount "49"]
[EventDate "2013.??.??"]

1. e4 e6 2. d4 d5 3. Nd2 Nf6 4. e5 Nfd7 5. Bd3 c5 6. c3 Nc6 7. Ndf3 cxd4 8.
cxd4 f6 9. exf6 Nxf6 10. Nh3 Bd6 11. O-O O-O 12. Re1 Qc7 13. Nhg5 e5 14. dxe5
Nxe5 15. Bxh7+ Kh8 16. Nh4 Nxh7 17. Rxe5 Bxe5 18. Ng6+ Kg8 19. Qxd5+ Rf7 20.
Nxf7 Bxh2+ 21. Kh1 Qxf7 22. Qd8+ Nf8 23. Ne7+ Kh8 24. Nxc8 Qxf2 25. Kxh2 1-0

[Event "Cappelle-la-Grande"]
[Site "Cappelle-la-Grande (FRA)"]
[Date "2013.02.23"]
[Round "1.132"]
[White "Ramez, Jean-Simon"]
[Black "Morozova, Julia"]
[Result "0-1"]
[WhiteElo "1920"]
[BlackElo "2105"]
[PlyCount "58"]
[EventDate "2013.??.??"]

1. d4 d5 2. c4 e6 3. Nc3 c5 4. cxd5 exd5 5. Nf3 Nc6 6. Bg5 f6 7. Bf4 g5 8. Be3
c4 9. g3 Kf7 10. Bg2 Nge7 11. O-O Nf5 12. Nxg5+ fxg5 13. Bxd5+ Kg7 14. Bxc4
Nfxd4 15. Nd5 Nf5 16. Bd2 Kg6 17. f4 h6 18. e4 Bc5+ 19. Kh1 Re8 20. fxg5 Rxe4
21. Nf4+ Kh7 22. Bd5 Re5 23. Qh5 Rxd5 24. Qf7+ Ng7 25. Nxd5 Be6 26. Nf6+ Kh8
27. Qg6 Bd5+ 28. Ne4 Qd6 29. Qxd6 Bxe4+ 0-1

[Event "Cappelle-la-Grande"]
[Site "Cappelle-la-Grande (FRA)"]
[Date "2013.02.23"]
[Round "1.137"]
[White "Guerreiro, Nuno"]
[Black "Leharanger, Guillaume"]
[Result "1-0"]
[WhiteElo "2098"]
[BlackElo "1911"]
[PlyCount "57"]
[EventDate "2013.??.??"]

1. Nf3 g6 2. g3 Bg7 3. Bg2 e5 4. d3 d6 5. c4 f5 6. e4 Nc6 7. exf5 Bxf5 8. O-O
Nge7 9. Nc3 O-O 10. Bg5 Qd7 11. Qd2 Bh3 12. Nh4 Bxg2 13. Kxg2 Nd4 14. Ne4 Nef5
15. Nxf5 gxf5 16. Nc3 f4 17. f3 h6 18. Bh4 Nf5 19. Kh1 Qf7 20. Qf2 Qh5 21. g4
Qxh4 22. gxf5 Qxf2 23. Rxf2 Rxf5 24. Rg1 Kh7 25. Rfg2 Rf7 26. Ne4 Rd8 27. Rg6
d5 28. cxd5 Rxd5 29. Rxg7+ 1-0

[Event "Cappelle-la-Grande"]
[Site "Cappelle-la-Grande (FRA)"]
[Date "2013.02.23"]
[Round "1.139"]
[White "Fejzovski, Enver"]
[Black "Glod, Philippe"]
[Result "1/2-1/2"]
[WhiteElo "2096"]
[BlackElo "1904"]
[PlyCount "57"]
[EventDate "2013.??.??"]

1. Nf3 Nf6 2. c4 g6 3. b3 Bg7 4. Bb2 O-O 5. g3 d6 6. Bg2 e5 7. d3 Nc6 8. Nbd2
h6 9. O-O Be6 10. a3 a5 11. Qc2 Qd7 12. Rfe1 Rfe8 13. c5 Rac8 14. Rac1 Bd5 15.
e4 Be6 16. cxd6 cxd6 17. Qb1 b5 18. d4 Nxd4 19. Nxd4 exd4 20. Bxd4 Rxc1 21.
Rxc1 Rc8 22. Rxc8+ Qxc8 23. Qb2 Nh5 24. Bxg7 Nxg7 25. Bf1 Qc5 26. b4 axb4 27.
axb4 Qc6 28. Qd4 Ne8 29. Qd3 1/2-1/2

[Event "Cappelle-la-Grande"]
[Site "Cappelle-la-Grande (FRA)"]
[Date "2013.02.23"]
[Round "1.142"]
[White "Kocur, Marc"]
[Black "Groz, Jacky"]
[Result "1-0"]
[WhiteElo "1898"]
[BlackElo "2091"]
[PlyCount "59"]
[EventDate "2013.??.??"]

1. c4 e5 2. g3 Nc6 3. Bg2 f5 4. Nc3 Nf6 5. Nf3 e4 6. Nh4 d5 7. cxd5 Nxd5 8. Bh3
g6 9. O-O Nxc3 10. dxc3 Be6 11. Qa4 Qf6 12. Be3 Bd6 13. f3 exf3 14. Nxf3 O-O
15. Bh6 Rfe8 16. e4 f4 17. Bxe6+ Qxe6 18. Ng5 Bc5+ 19. Kh1 Qe7 20. gxf4 Kh8 21.
f5 gxf5 22. Rxf5 Rf8 23. Bxf8 Rxf8 24. Raf1 Qxg5 25. Rxf8+ Bxf8 26. Rxf8+ Kg7
27. Rf1 Qe3 28. Qc4 Kh6 29. Qe6+ Kh5 30. Qf7+ 1-0

[Event "Cappelle-la-Grande"]
[Site "Cappelle-la-Grande (FRA)"]
[Date "2013.02.23"]
[Round "1.147"]
[White "Bray, Daniel Jose Freire"]
[Black "Maillard, Julien"]
[Result "1-0"]
[WhiteElo "2078"]
[BlackElo "1889"]
[PlyCount "29"]
[EventDate "2013.??.??"]

1. Nf3 Nc6 2. c4 e5 3. Nc3 Nf6 4. g3 Bc5 5. Bg2 d6 6. O-O O-O 7. h3 Be6 8. d3
Qd7 9. Kh2 h6 10. Qa4 g5 11. Nd2 d5 12. cxd5 Bxd5 13. Nxd5 Nxd5 14. Qc4 Bxf2
15. Qxd5 1-0

[Event "Cappelle-la-Grande"]
[Site "Cappelle-la-Grande (FRA)"]
[Date "2013.02.23"]
[Round "1.149"]
[White "Van Vliet, Dennis"]
[Black "Charlier, Laurent"]
[Result "1-0"]
[WhiteElo "2068"]
[BlackElo "1879"]
[PlyCount "45"]
[EventDate "2013.??.??"]

1. d4 d5 2. Nf3 Nc6 3. c4 e5 4. cxd5 Qxd5 5. Nc3 Bb4 6. Bd2 Bxc3 7. Bxc3 e4 8.
Nd2 e3 9. fxe3 Nf6 10. Qb3 Qf5 11. d5 Ne5 12. e4 Qg5 13. Nf3 Nxf3+ 14. exf3 O-O
15. Bd2 Qe5 16. Qc3 Qe7 17. Be2 b6 18. Rc1 Re8 19. O-O Nxd5 20. Qc6 Nf6 21.
Qxa8 c5 22. Qc6 Bd7 23. Qc7 1-0